000 00297nam a22001337a 4500
008 170831b xxu||||| |||| 00| 0 eng d
020 _a9780136017387
041 _aeng
080 _25TH
_a070
100 _a40
101 _aMED
245 _aTHE MILLENIUM READER
_cHIRSCHBERG,S
942 _2udc
_cBK
999 _c25722
_d25722